Governing the ungovernable : (Record no. 591294)

000 -LEADER
fixed length control field 01645cam a2200337 i 4500
001 - CONTROL NUMBER
control field 20414493
005 - DATE AND TIME OF LATEST TRANSACTION
control field 20220823172217.0
008 - FIXED-LENGTH DATA ELEMENTS--GENERAL INFORMATION
fixed length control field 180321s2018 pk b 001 0 eng
010 ## - LIBRARY OF CONGRESS CONTROL NUMBER
LC control number 2018306202
020 ## - INTERNATIONAL STANDARD BOOK NUMBER
International Standard Book Number 9780199407811 (hardback)
020 ## - INTERNATIONAL STANDARD BOOK NUMBER
International Standard Book Number 9780199408979 (paperback)
025 ## - OVERSEAS ACQUISITION NUMBER
Overseas acquisition number P-E-2018306202; 33; 31
037 ## - SOURCE OF ACQUISITION
Source of stock number/acquisition Library of Congress -- Islamabad Overseas Office
040 ## - CATALOGING SOURCE
Original cataloging agency DLC
Language of cataloging eng
Transcribing agency DLC
Description conventions rda
042 ## - AUTHENTICATION CODE
Authentication code lcode
-- pcc
043 ## - GEOGRAPHIC AREA CODE
Geographic area code a-pk---
050 00 - LIBRARY OF CONGRESS CALL NUMBER
Classification number JQ629.A58
Item number H38 2018
082 ## - DEWEY DECIMAL CLASSIFICATION NUMBER
Classification number 338.95491,HUS
100 1# - MAIN ENTRY--PERSONAL NAME
Personal name Husain, Ishrat,
Dates associated with a name 1941-
Relator term author.
245 10 - TITLE STATEMENT
Title Governing the ungovernable :
Remainder of title institutional reforms for democratic governance /
Statement of responsibility, etc. Ishrat Husain.
250 ## - EDITION STATEMENT
Edition statement First edition.
264 #1 - PRODUCTION, PUBLICATION, DISTRIBUTION, MANUFACTURE, AND COPYRIGHT NOTICE
Place of production, publication, distribution, manufacture Karachi :
Name of producer, publisher, distributor, manufacturer Oxford University Press,
Date of production, publication, distribution, manufacture, or copyright notice 2018.
300 ## - PHYSICAL DESCRIPTION
Extent xvii, 550 pages ;
Dimensions 24 cm
336 ## - CONTENT TYPE
Content type term text
Content type code txt
Source rdacontent
337 ## - MEDIA TYPE
Media type term unmediated
Media type code n
Source rdamedia
338 ## - CARRIER TYPE
Carrier type term volume
Carrier type code nc
Source rdacarrier
505 ## - FORMATTED CONTENTS NOTE
Formatted contents note Introduction (Page-1), Historical Background (Page-35), The Economy (Page-59), The Polity (Page-96), The Society (Page-124), Federal and Provincial Governments (Page-157), Local Government (Page-182), The Civil Services (Page-236), The Judiciary (Page-264), The Legislature (Page-287),The Religious Edifice (Page-322), The Private Sector (Page-358), Administration of Justice (Page-387), The role of External Actors (Page-410), Restructuring key Institutions (Page-443), Lessons from the Experience of Other Countries (Page-467), Conclusions (Page-488).
651 #0 - SUBJECT ADDED ENTRY--GEOGRAPHIC NAME
Geographic name Pakistan
General subdivision Politics and government
Chronological subdivision 1988-
906 ## - LOCAL DATA ELEMENT F, LDF (RLIN)
a 7
b cbc
c origode
d 3
e ncip
f 20
g y-gencatlg
942 ## - ADDED ENTRY ELEMENTS (KOHA)
Source of classification or shelving scheme
Koha item type Book
Holdings
Withdrawn status Lost status Source of classification or shelving scheme Damaged status Not for loan Permanent Location Current Location Shelving location Date acquired Total Checkouts Full call number Barcode Date last seen Date last checked out Price effective from Koha item type Public note
          Military College of Signals (MCS) Military College of Signals (MCS) General Stacks 08/23/2022 3 338.95491,HUS MCS38574 07/01/2024 03/21/2024 08/23/2022 Book Almirah No.50, Shelf No.2
© 2023 Central Library, National University of Sciences and Technology. All Rights Reserved.